000 00919nam a2200217Ia 4500
001 11464
003 GE_BSU
008 181216s||||||||xx |||||||||||||| ||und||
040 _cGE_BSU
080 _a634:631.3
100 _aკიკაბიძე,ი.
245 _aმებაღეობის შრომატევად სამუშაოთა კომპლექსური მექანიზაცია
245 _cსაზოგ.რედ:ს.ვაჩეიშვილი; მხატვ:ვ.ხიდაშელი.
260 _aთბილისი
260 _bსაბჭოთა საქართველო
260 _c1966
300 _a243გვ;20სმ.
300 _bილ.
653 _aმებაღეობის შრომატევად სამუშაოთა კომპლექსური მექანიზაცია
942 _cBK
999 _c44661
_d44661